[Event "CRO-ch U15"]
[Site "Trogir"]
[Date "2022.06.23"]
[Round "3"]
[White "Mandaric, Fran"]
[Black "Kurtovic, Darko"]
[Result "1-0"]
[WhiteElo "1808"]
[BlackElo "1353"]
[PlyCount "121"]
[EventDate "2022.06.22"]
[EventType "swiss"]
[EventRounds "9"]
[EventCountry "CRO"]
[SourceTitle "CBM 209 Extra"]
[Source "ChessBase"]
[SourceDate "2022.09.30"]
[SourceVersion "1"]
[SourceVersionDate "2022.09.30"]
[SourceQuality "1"]

1. e4 e5 2. Nf3 Nc6 3. Bb5 a6 4. Ba4 Nf6 5. d3 b5 6. Bb3 Be7 7. 0-0 0-0 8. c3 d5 9. exd5 Nxd5 10. Re1 Bg4 11. h3 Bh5 12. g4 Bg6 13. Nxe5 Nxe5 14. Rxe5 c6 15. Bxd5 cxd5 16. d4 Bd6 17. Rxd5 Bh2+ 18. Kxh2 Qxd5 19. Bf4 h5 20. Nd2 hxg4 21. Qxg4 Rfe8 22. Rg1 Re6 23. h4 Rae8 24. Rg2 Qh5 25. Qg3 Re1 26. Nf3 Rf1 27. Ne5 Qd1 28. Rg1 Rxg1 29. Qxg1 Qh5 30. Nxg6 fxg6 31. Qg5 Qf3 32. Be3 Re4 33. Qg3 Qh5 34. Kh3 Qf5+ 35. Kh2 Rg4 36. Qh3 Qe4 37. f3 Qxe3 38. Qxg4 Qf2+ 39. Qg2 Qxh4+ 40. Kg1 Qe1+ 41. Qf1 Qg3+ 42. Kh1 Qh4+ 43. Kg2 Qf4 44. Qe2 Qg5+ 45. Kf2 Qh4+ 46. Ke3 Qg5+ 47. Kd3 Qc1 48. Qe6+ Kh7 49. d5 Qf1+ 50. Ke4 Qe2+ 51. Kd4 Qxf3 52. d6 Qf2+ 53. Kd5 Qxb2 54. Qh3+ Kg8 55. Qc8+ Kh7 56. d7 Qd2+ 57. Kc6 Qg2+ 58. Kc7 Qg3+ 59. Kb7 Qf3+ 60. Kb8 Qf4+ 61. Qc7 1-0

[Event "CRO-ch U15"]
[Site "Trogir"]
[Date "2022.06.22"]
[Round "2"]
[White "Friedrich, Ivan"]
[Black "Mandaric, Fran"]
[Result "0-1"]
[WhiteElo "1456"]
[BlackElo "1808"]
[PlyCount "102"]
[EventDate "2022.06.22"]
[EventType "swiss"]
[EventRounds "9"]
[EventCountry "CRO"]
[SourceTitle "CBM 209 Extra"]
[Source "ChessBase"]
[SourceDate "2022.09.30"]
[SourceVersion "1"]
[SourceVersionDate "2022.09.30"]
[SourceQuality "1"]

1. d4 Nf6 2. c4 e6 3. Nc3 Bb4 4. Qc2 d5 5. cxd5 exd5 6. Bg5 h6 7. Bh4 0-0 8. a3 Bxc3+ 9. bxc3 b6 10. e3 Bb7 11. Bd3 c5 12. Nf3 Nc6 13. 0-0 c4 14. Be2 Qd6 15. Bg3 Qe7 16. Ne5 Ne4 17. Bf3 Nxg3 18. Nxc6 Bxc6 19. hxg3 f5 20. Qb2 g5 21. Rfe1 h5 22. Qb4 Qf6 23. a4 h4 24. a5 g4 25. Bd1 b5 26. gxh4 Qxh4 27. Qd6 Rf6 28. Qf4 Rh6 29. Kf1 Re6 30. Qxf5 Qh6 31. Qxg4+ Rg6 32. Qh5 Qg7 33. Bf3 Rg5 34. Qh3 Bd7 35. Qh4 Bg4 36. Bxg4 Rxg4 37. Qh3 Qg6 38. Red1 Rf8 39. Rd2 Rg5 40. f3 Rh5 41. Qd7 Qg3 42. Qe6+ Kh8 43. Rf2 Rh1+ 44. Ke2 Rxa1 45. Qe5+ Qxe5 46. dxe5 Ra2+ 47. Ke1 Rxf2 48. Kxf2 b4 49. cxb4 Rb8 50. f4 Rxb4 51. g4 Rb2+ 0-1

[Event "CRO-ch U15"]
[Site "Trogir"]
[Date "2022.06.22"]
[Round "1"]
[White "Mandaric, Fran"]
[Black "Sipek, Luka"]
[Result "1-0"]
[WhiteElo "1808"]
[BlackElo "1266"]
[PlyCount "51"]
[EventDate "2022.06.22"]
[EventType "swiss"]
[EventRounds "9"]
[EventCountry "CRO"]
[SourceTitle "CBM 209 Extra"]
[Source "ChessBase"]
[SourceDate "2022.09.30"]
[SourceVersion "1"]
[SourceVersionDate "2022.09.30"]
[SourceQuality "1"]

1. e4 e5 2. Nf3 Nc6 3. Bb5 d6 4. c3 Nf6 5. d3 h6 6. 0-0 a6 7. Ba4 b5 8. Bb3 Bb7 9. Re1 Qd7 10. Nbd2 0-0-0 11. a4 Na5 12. Bxf7 Nc6 13. axb5 axb5 14. Qb3 d5 15. Bg6 Qg4 16. Bf5+ Qxf5 17. exf5 b4 18. Nxe5 Re8 19. d4 Bd6 20. Ndf3 Ng4 21. Bf4 g5 22. Bg3 h5 23. Nxc6 Bxg3 24. Rxe8+ Rxe8 25. Na7+ Kd7 26. hxg3 1-0

[Event "CRO-chT U16"]
[Site "Crikvenica"]
[Date "2021.12.20"]
[Round "5.2"]
[White "Mandaric, Fran"]
[Black "Ristanic, Petar"]
[Result "1-0"]
[WhiteElo "1775"]
[BlackElo "1641"]
[PlyCount "56"]
[EventDate "2021.12.18"]
[EventType "team-tourn"]
[EventRounds "7"]
[EventCountry "CRO"]
[SourceTitle "CBM 206 Extra"]
[Source "ChessBase"]
[SourceDate "2022.03.31"]
[SourceVersion "1"]
[SourceVersionDate "2022.03.31"]
[SourceQuality "1"]
[WhiteTeam "Strizivojna Amater"]
[BlackTeam "Vukovar Slaven"]
[WhiteTeamCountry "CRO"]
[BlackTeamCountry "CRO"]

1. e4 d5 2. exd5 Nf6 3. d4 Nxd5 4. Nf3 Bg4 5. Be2 c6 6. h3 Bh5 7. 0-0 e6 8. b3 Nd7 9. Bb2 Be7 10. Nbd2 0-0 11. Ne4 Re8 12. c4 Nf4 13. Qd2 Nxe2+ 14. Qxe2 Nf6 15. Ng3 Qc7 16. Nxh5 Nxh5 17. Ne5 Nf6 18. Rad1 Rad8 19. f4 c5 20. Kh2 Qb6 21. Qe3 Qa5 22. a3 a6 23. a4 Nd7 24. d5 exd5 25. Rxd5 Nf6 26. Rxd8 Qxd8 27. Qf3 Qb6 28. Re1 Bf8 1-0

[Event "CRO-chT U16"]
[Site "Crikvenica"]
[Date "2021.12.18"]
[Round "1.2"]
[White "Mandaric, Fran"]
[Black "Tomljanovic, Ivano"]
[Result "1-0"]
[WhiteElo "1775"]
[BlackElo "1636"]
[PlyCount "65"]
[EventDate "2021.12.18"]
[EventType "team-tourn"]
[EventRounds "7"]
[EventCountry "CRO"]
[SourceTitle "CBM 206 Extra"]
[Source "ChessBase"]
[SourceDate "2022.03.31"]
[SourceVersion "1"]
[SourceVersionDate "2022.03.31"]
[SourceQuality "1"]
[WhiteTeam "Strizivojna Amater"]
[BlackTeam "Crikvenica"]
[WhiteTeamCountry "CRO"]
[BlackTeamCountry "CRO"]

1. e4 e5 2. Nf3 Nc6 3. Bb5 d6 4. c3 Nf6 5. d3 Bg4 6. h3 Bh5 7. Nbd2 Be7 8. Nf1 a6 9. Ba4 b5 10. Bb3 0-0 11. Ng3 Bg6 12. 0-0 a5 13. Nh4 a4 14. Bc2 Qd7 15. Nhf5 Nd8 16. d4 exd4 17. cxd4 c6 18. Re1 Nb7 19. Nxe7+ Qxe7 20. Bg5 Qd7 21. Bxf6 gxf6 22. f4 h6 23. f5 Bh7 24. Nh5 Kh8 25. Nxf6 Qd8 26. Nxh7 Kxh7 27. f6 Rg8 28. e5+ Kh8 29. Qd3 Rg6 30. Qe3 Rg5 31. h4 Rh5 32. Bd1 Rxh4 33. Qg3 1-0

[Event "CRO-chT U20 30th"]
[Site "Rabac"]
[Date "2021.04.09"]
[Round "7.2"]
[White "Mandaric, Fran"]
[Black "Klapac, Patrik"]
[Result "1/2-1/2"]
[WhiteElo "1684"]
[BlackElo "1780"]
[PlyCount "74"]
[EventDate "2021.04.06"]
[EventType "team-tourn"]
[EventRounds "11"]
[EventCountry "CRO"]
[SourceTitle "CBM 201 Extra"]
[Source "ChessBase"]
[SourceDate "2021.05.31"]
[SourceVersion "1"]
[SourceVersionDate "2021.05.31"]
[SourceQuality "1"]
[WhiteTeam "Strizivojna Amater U20"]
[BlackTeam "Oroslavje U20"]
[WhiteTeamCountry "CRO"]
[BlackTeamCountry "CRO"]

1. e4 e5 2. Nf3 Nc6 3. Bb5 d6 4. c3 Bd7 5. d3 h6 6. Nbd2 Nf6 7. 0-0 Be7 8. Re1 0-0 9. Nf1 Nh7 10. Bxc6 Bxc6 11. Ng3 Bd7 12. d4 exd4 13. Nxd4 Re8 14. Ndf5 Bf6 15. f4 Nf8 16. Qg4 Ng6 17. Bd2 Bh4 18. Nxh6+ gxh6 19. f5 Bxg3 20. Qxg3 Kg7 21. fxg6 fxg6 22. c4 Bc6 23. Bc3+ Kh7 24. e5 Qg5 25. Qxg5 hxg5 26. e6 g4 27. e7 Bd7 28. Bf6 Bf5 29. Re3 Kg8 30. Rae1 Kf7 31. Bg5 a6 32. a4 a5 33. Bh6 Rh8 34. Bf8 Re8 35. b3 Rh5 36. Rc3 b6 37. Rf1 Ke6 1/2-1/2

[Event "CRO-chT U20 30th"]
[Site "Rabac"]
[Date "2021.04.07"]
[Round "4.2"]
[White "Zadro, Matej"]
[Black "Mandaric, Fran"]
[Result "1-0"]
[WhiteElo "1742"]
[BlackElo "1684"]
[PlyCount "89"]
[EventDate "2021.04.06"]
[EventType "team-tourn"]
[EventRounds "11"]
[EventCountry "CRO"]
[SourceTitle "CBM 201 Extra"]
[Source "ChessBase"]
[SourceDate "2021.05.31"]
[SourceVersion "1"]
[SourceVersionDate "2021.05.31"]
[SourceQuality "1"]
[WhiteTeam "Koprivnica U20"]
[BlackTeam "Strizivojna Amater U20"]
[WhiteTeamCountry "CRO"]
[BlackTeamCountry "CRO"]

1. e4 c5 2. Nf3 Nc6 3. d4 cxd4 4. Nxd4 g6 5. Be3 Bg7 6. Nc3 d6 7. Bc4 Nf6 8. f3 0-0 9. Qd2 Ne5 10. Bb3 Bd7 11. 0-0-0 a6 12. g4 b5 13. h4 b4 14. Nd5 Nxd5 15. Bxd5 Rb8 16. h5 Nxf3 17. Nxf3 Bxg4 18. hxg6 e6 19. Bh6 Qf6 20. Bxg7 Qxg7 21. Rdg1 exd5 22. Rxg4 fxg6 23. Ng5 d4 24. Ne6 Qd7 25. Nxf8 Qxg4 26. Nxh7 Qf3 27. Qh6 Qe3+ 28. Qxe3 dxe3 29. Nf6+ Kg7 30. Nd5 Re8 31. Rh4 e2 32. Kd2 a5 33. Kxe2 Re5 34. Kd3 g5 35. Rh1 g4 36. Ke3 Kg6 37. Rh8 Kg5 38. Rg8+ Kh4 39. Kf4 Kh3 40. Rh8+ Kg2 41. Ne3+ Kg1 42. Nxg4 Rc5 43. Ne3 a4 44. Rd8 Rh5 45. Rxd6 1-0

[Event "CRO-chT U20 30th"]
[Site "Rabac"]
[Date "2021.04.06"]
[Round "1.2"]
[White "Mahecic, Lovre"]
[Black "Mandaric, Fran"]
[Result "1-0"]
[WhiteElo "1958"]
[BlackElo "1684"]
[PlyCount "61"]
[EventDate "2021.04.06"]
[EventType "team-tourn"]
[EventRounds "11"]
[EventCountry "CRO"]
[SourceTitle "CBM 201 Extra"]
[Source "ChessBase"]
[SourceDate "2021.05.31"]
[SourceVersion "1"]
[SourceVersionDate "2021.05.31"]
[SourceQuality "1"]
[WhiteTeam "Sveta Nedelja U20"]
[BlackTeam "Strizivojna Amater U20"]
[WhiteTeamCountry "CRO"]
[BlackTeamCountry "CRO"]

1. c4 e5 2. Nc3 Nc6 3. g3 Nf6 4. Bg2 Be7 5. e3 d6 6. Nge2 0-0 7. 0-0 Be6 8. b3 Qd7 9. d4 Bh3 10. Bb2 Bxg2 11. Kxg2 Qf5 12. a3 a6 13. d5 Na7 14. f3 Qh5 15. e4 g6 16. Qd3 Nd7 17. b4 f5 18. Rac1 f4 19. g4 Qh4 20. Na4 h5 21. h3 Kg7 22. c5 Nf6 23. Rh1 Rh8 24. cxd6 Bxd6 25. Nxf4 exf4 26. e5 Qg3+ 27. Kf1 hxg4 28. exd6 gxh3 29. Bxf6+ Kxf6 30. Qd4+ Kf7 31. Rxc7+ 1-0

[Event "CRO-chT U20 29th"]
[Site "Cakovec"]
[Date "2020.07.17"]
[Round "7.1"]
[White "Baric, Marko"]
[Black "Mandaric, Fran"]
[Result "1-0"]
[WhiteElo "1831"]
[BlackElo "1671"]
[PlyCount "91"]
[EventDate "2020.07.14"]
[EventType "team-tourn"]
[EventRounds "11"]
[EventCountry "CRO"]
[SourceTitle "CBM 197 Extra"]
[Source "ChessBase"]
[SourceDate "2020.09.30"]
[SourceVersion "1"]
[SourceVersionDate "2020.09.30"]
[SourceQuality "1"]
[WhiteTeam "Split Mornar U20"]
[BlackTeam "Strizivojna Amater U20"]
[WhiteTeamCountry "CRO"]
[BlackTeamCountry "CRO"]

1. e4 c5 2. Nf3 Nc6 3. Bb5 g6 4. 0-0 Bg7 5. Re1 e5 6. c3 Nge7 7. d3 a6 8. Ba4 0-0 9. Nbd2 d6 10. Nf1 b5 11. Bc2 a5 12. a4 b4 13. Ng3 Rb8 14. Bb3 Bg4 15. Bc4 bxc3 16. bxc3 d5 17. exd5 Nxd5 18. Ne4 Nxc3 19. Nxc3 e4 20. Nxe4 Bxa1 21. Bg5 Bxf3 22. gxf3 Qd4 23. Qxa1 Qxa1 24. Rxa1 Kg7 25. Bf6+ Kh6 26. Nxc5 Rfe8 27. Ne4 Ne5 28. Bxe5 Rxe5 29. Bxf7 Rf5 30. Bc4 Rxf3 31. Kg2 Rf4 32. Bb5 Rbf8 33. Rc1 g5 34. Rc6+ Kg7 35. h3 g4 36. h4 Kh8 37. Ra6 g3 38. fxg3 Rf1 39. h5 Kg7 40. h6+ Kh8 41. Rxa5 Rb1 42. Ra7 Rb2+ 43. Kh3 Rb1 44. Ng5 Rh1+ 45. Kg2 Rxh6 46. Nf7+ 1-0

[Event "Osijek Baranja CupT 13th"]
[Site "Valpovo"]
[Date "2020.02.23"]
[Round "4.2"]
[White "Basrak, Srdjan"]
[Black "Mandaric, Fran"]
[Result "1/2-1/2"]
[WhiteElo "2210"]
[BlackElo "1574"]
[PlyCount "141"]
[EventDate "2020.02.21"]
[EventType "team-swiss"]
[EventRounds "5"]
[EventCountry "CRO"]
[SourceTitle "EXT 2023"]
[Source "ChessBase"]
[SourceDate "2022.10.05"]
[SourceVersion "1"]
[SourceVersionDate "2022.10.05"]
[SourceQuality "1"]
[WhiteTeam "Belisce"]
[BlackTeam "Strizivojna Amater"]
[WhiteTeamCountry "CRO"]
[BlackTeamCountry "CRO"]

1. e4 c5 2. Nf3 Nc6 3. g3 g6 4. Nc3 Bg7 5. Bg2 Nf6 6. 0-0 0-0 7. d3 d6 8. Bg5 Be6 9. Qd2 Qd7 10. Bh6 Bh3 11. Bxh3 Qxh3 12. Bxg7 Kxg7 13. Ng5 Qh5 14. f4 Nd4 15. Kg2 h6 16. Nf3 g5 17. fxg5 hxg5 18. Nxg5 Nxc2 19. Rf5 Qh6 20. Qxc2 Ng4 21. Qe2 Qxh2+ 22. Kf3 Ne5+ 23. Rxe5 Qxe2+ 24. Kxe2 dxe5 25. Rf1 e6 26. Nb5 Kg6 27. Nf3 f6 28. Nh4+ Kf7 29. Nd6+ Ke7 30. Nxb7 Rg8 31. Nxc5 Rxg3 32. b4 a5 33. b5 Rc8 34. Rc1 Rg4 35. Nf3 Rg2+ 36. Ke3 Rxa2 37. b6 Rb2 38. b7 Rxb7 39. Nxb7 Rxc1 40. Nxa5 Rc2 41. Nc4 Ra2 42. Nfd2 Ra7 43. Nb1 Rc7 44. Nbd2 Rb7 45. Ke2 Rb5 46. Nf3 Rc5 47. Kd2 Rb5 48. Kc3 Kd7 49. Ne3 Rc5+ 50. Kb4 Rc1 51. Nc4 Rb1+ 52. Kc5 Rd1 53. Nfd2 Rh1 54. Kb4 Rh3 55. Nb3 Ke7 56. Nc5 Rh5 57. Kb5 f5 58. exf5 exf5 59. Nxe5 f4 60. d4 Kd6 61. Ned3 f3 62. Kc4 Rh4 63. Nf2 Kc7 64. Kd5 Rh5+ 65. Ke4 Kc6 66. Ne6 Kd6 67. Nf4 Ra5 68. Kxf3 Ra4 69. Ne4+ Kc7 70. d5 Rd4 71. Ke3 1/2-1/2

[Event "Osijek Baranja CupT 13th"]
[Site "Valpovo"]
[Date "2020.02.21"]
[Round "1.4"]
[White "Cupic, Tvrtko1111"]
[Black "Mandaric, Fran"]
[Result "1/2-1/2"]
[WhiteElo "1890"]
[BlackElo "1574"]
[PlyCount "143"]
[EventDate "2020.02.21"]
[EventType "team-swiss"]
[EventRounds "5"]
[EventCountry "CRO"]
[SourceTitle "EXT 2023"]
[Source "ChessBase"]
[SourceDate "2022.10.05"]
[SourceVersion "1"]
[SourceVersionDate "2022.10.05"]
[SourceQuality "1"]
[WhiteTeam "Donji Miholjac"]
[BlackTeam "Strizivojna Amater"]
[WhiteTeamCountry "CRO"]
[BlackTeamCountry "CRO"]

1. e4 c5 2. Nf3 Nc6 3. d4 cxd4 4. Nxd4 g6 5. Nc3 Bg7 6. Be3 d6 7. Bb5 Bd7 8. Qd2 Nf6 9. 0-0-0 Ng4 10. Bxc6 Bxc6 11. Bg5 Qb6 12. Nxc6 bxc6 13. f3 Rb8 14. b3 Qb4 15. Nb1 Qxd2+ 16. Rxd2 Bh6 17. h4 Bxg5 18. hxg5 Ne5 19. Nc3 Nd7 20. g3 Nb6 21. Rdh2 h5 22. gxh6 Rh7 23. g4 f6 24. f4 Kf7 25. g5 Rbh8 26. Rf2 Nd7 27. Rd1 Nc5 28. e5 dxe5 29. fxe5 f5 30. Rf4 Ne6 31. Rc4 Nxg5 32. Rxc6 Rxh6 33. Rd7 Rh1+ 34. Kb2 Ne6 35. Nb5 Rd8 36. Rxa7 f4 37. Nd6+ Kf8 38. Nb7 f3 39. Rc3 Nd4 40. Rxf3+ Nxf3 41. Nxd8 Nxe5 42. Ne6+ Kf7 43. Nd8+ Ke8 44. Ne6 Rg1 45. Ra5 Re1 46. Ng5 Nc6 47. Ra8+ Kd7 48. Rg8 Rg1 49. Rxg6 Ne5 50. Rg7 Nf3 51. Rxe7+ Kxe7 52. Nxf3 Rg3 53. Nd4 Rg4 54. Nc6+ Kd6 55. Na5 Rg5 56. Nc4+ Kc6 57. a4 Kc5 58. Na3 Rg2 59. Nb1 Kb4 60. Nc3 Rd2 61. Ne4 Re2 62. Nd6 Rd2 63. Nb5 Rh2 64. Kc1 Rh1+ 65. Kd2 Rh2+ 66. Kd3 Rh3+ 67. Ke4 Rh4+ 68. Kd5 Rh5+ 69. Kc6 Rc5+ 70. Kb6 Rxc2 71. a5 Rc5 72. Nd4 1/2-1/2

[Event "CRO-ch U13"]
[Site "Trogir"]
[Date "2019.06.17"]
[Round "1"]
[White "Duric, Leon"]
[Black "Mandaric, Fran"]
[Result "1/2-1/2"]
[WhiteElo "1188"]
[BlackElo "1612"]
[PlyCount "67"]
[EventDate "2019.06.17"]
[EventType "swiss"]
[EventRounds "9"]
[EventCountry "CRO"]
[SourceTitle "EXT 2020"]
[Source "ChessBase"]
[SourceDate "2019.10.17"]
[SourceVersion "1"]
[SourceVersionDate "2019.10.17"]
[SourceQuality "1"]

1. d4 Nf6 2. c4 e6 3. Nf3 Bb4+ 4. Bd2 Qe7 5. a3 Bxd2+ 6. Qxd2 a5 7. Nc3 d6 8. g3 0-0 9. Bg2 e5 10. 0-0 a4 11. Qc2 Bd7 12. Rfd1 Re8 13. dxe5 dxe5 14. e4 Qc5 15. Nd5 Qc6 16. Rd2 Nxd5 17. Rxd5 Be6 18. Nxe5 Qa6 19. Rd2 f6 20. Nf3 Qxc4 21. Qxc4 Bxc4 22. Rc1 b5 23. Nd4 Rd8 24. Rcd1 c5 25. Nf5 Rxd2 26. Rxd2 Nc6 27. e5 Rd8 28. Rxd8+ Nxd8 29. exf6 gxf6 30. Nd6 Bd3 31. Ne4 Bxe4 32. Bxe4 h6 33. Bd5+ Kf8 34. Kg2 1/2-1/2

[Event "Osijek op 12th"]
[Site "Osijek"]
[Date "2019.02.24"]
[Round "7.38"]
[White "Mandaric, Fran"]
[Black "Dankos, Mislav"]
[Result "1-0"]
[WhiteElo "1653"]
[BlackElo "1362"]
[PlyCount "33"]
[EventDate "2019.02.21"]
[EventType "swiss"]
[EventRounds "7"]
[EventCountry "CRO"]
[SourceTitle "EXT 2023"]
[Source "ChessBase"]
[SourceDate "2022.10.05"]
[SourceVersion "1"]
[SourceVersionDate "2022.10.05"]
[SourceQuality "1"]

1. e4 e5 2. Nf3 Nc6 3. Bc4 Bc5 4. 0-0 Nf6 5. d4 exd4 6. e5 Ng4 7. h3 Ngxe5 8. Nxe5 Nxe5 9. Re1 f6 10. Qh5+ g6 11. Rxe5+ Be7 12. Qf3 Rf8 13. Bh6 fxe5 14. Bxf8 Bf6 15. Bg7 d5 16. Bxf6 Qd6 17. Bxd5 1-0

[Event "Osijek op 12th"]
[Site "Osijek"]
[Date "2019.02.21"]
[Round "1.20"]
[White "Mandaric, Fran"]
[Black "Gavran, Marinko"]
[Result "0-1"]
[WhiteElo "1653"]
[BlackElo "2030"]
[PlyCount "63"]
[EventDate "2019.02.21"]
[EventType "swiss"]
[EventRounds "7"]
[EventCountry "CRO"]
[SourceTitle "EXT 2023"]
[Source "ChessBase"]
[SourceDate "2022.10.05"]
[SourceVersion "1"]
[SourceVersionDate "2022.10.05"]
[SourceQuality "1"]

1. e4 d5 2. exd5 Nf6 3. d4 Nxd5 4. c4 Nb6 5. Be3 e5 6. Nc3 exd4 7. Bxd4 Nc6 8. Bxb6 Qxd1+ 9. Rxd1 axb6 10. a3 Bd7 11. Nf3 0-0-0 12. Be2 f6 13. 0-0 Bd6 14. Nb5 Bf4 15. Nbd4 Rhe8 16. Nxc6 Bxc6 17. Nd4 Be4 18. Bf3 Bxf3 19. Nxf3 Re2 20. Rxd8+ Kxd8 21. Nd4 Re4 22. Rd1 Ke8 23. h3 Be5 24. Nf3 Ke7 25. Nxe5 fxe5 26. Kf1 Rd4 27. Re1 Kd6 28. Ke2 Re4+ 29. Kd2 Rxe1 30. Kxe1 Kc5 31. f3 Kxc4 32. Kd2 0-1

[Event "Bosnjaci op 24th"]
[Site "Bosnjaci"]
[Date "2019.01.03"]
[Round "1"]
[White "Mandaric, Fran"]
[Black "Babic, Zdravko"]
[Result "0-1"]
[WhiteElo "1605"]
[BlackElo "2190"]
[PlyCount "68"]
[EventDate "2019.01.03"]
[EventType "swiss"]
[EventRounds "9"]
[EventCountry "CRO"]
[SourceTitle "CBM 188 Extra"]
[Source "ChessBase"]
[SourceDate "2019.02.26"]
[SourceVersion "1"]
[SourceVersionDate "2019.02.26"]
[SourceQuality "1"]

1. e4 c5 2. Nc3 Nc6 3. f4 d6 4. Nf3 g6 5. Bb5 Bg7 6. d3 Bd7 7. Bc4 Na5 8. Bb3 b5 9. Bd5 Rb8 10. a3 c4 11. dxc4 e6 12. cxb5 exd5 13. exd5 Qb6 14. Qe2+ Kf8 15. Be3 Bxc3+ 16. bxc3 Qxb5 17. Qxb5 Rxb5 18. Bxa7 Rxd5 19. Bd4 f6 20. 0-0 Nc6 21. a4 Nxd4 22. Nxd4 Ra5 23. Rfb1 f5 24. Rb8+ Kg7 25. Rb7 Nf6 26. Nc6 Raa8 27. a5 Kh6 28. Nd4 Ra6 29. Rb6 Rha8 30. Rab1 Rxa5 31. Rxd6 Ra1 32. Rxa1 Rxa1+ 33. Kf2 Ne4+ 34. Kf3 Nxd6 0-1

[Event "CRO-ch U11"]
[Site "Trogir"]
[Date "2017.06.22"]
[Round "9"]
[White "Mandaric, Fran"]
[Black "Kovac, Petar"]
[Result "0-1"]
[WhiteElo "1672"]
[BlackElo "1447"]
[PlyCount "114"]
[EventDate "2017.06.17"]
[EventType "swiss"]
[EventRounds "9"]
[EventCountry "CRO"]
[SourceTitle "CBM 179 Extra"]
[Source "ChessBase"]
[SourceDate "2017.08.23"]
[SourceVersion "1"]
[SourceVersionDate "2017.08.23"]
[SourceQuality "1"]

1. e4 e6 2. d4 d5 3. exd5 exd5 4. Bd3 Bd6 5. Nf3 Bg4 6. 0-0 Ne7 7. Re1 Nbc6 8. c3 Qd7 9. Bg5 f6 10. Bh4 0-0-0 11. Nbd2 g5 12. Bg3 h6 13. Bxd6 Qxd6 14. h3 Bh5 15. Qc2 Qd7 16. g4 Bf7 17. Nb3 b6 18. Bb5 Bg6 19. Qe2 Rde8 20. Qe6 Be4 21. Qxd7+ Kxd7 22. Nbd2 Bg6 23. c4 Kd6 24. cxd5 Kxd5 25. Nc4 Bf7 26. Nfd2 f5 27. Rad1 Nb4 28. Nb1 Nxa2 29. Bxe8 Rxe8 30. Ne3+ Kc6 31. Nxf5 Nxf5 32. Rxe8 Bxe8 33. gxf5 Bd7 34. Nc3 Nxc3 35. bxc3 Bxf5 36. Kg2 a5 37. f4 g4 38. h4 a4 39. Kf2 Kd5 40. Ke3 Kc4 41. Ra1 Kb3 42. Kd2 b5 43. Kc1 Kxc3 44. Ra3+ Kxd4 45. Kb2 c5 46. Ka1 Ke4 47. Rc3 c4 48. Rc2 Kd3 49. Rb2 Bd7 50. Ka2 c3 51. Rg2 Bc6 52. Rg3+ Bf3 53. f5 c2 54. Rg1 Kd2 55. Rc1 Kxc1 56. Ka1 Kd2 57. Ka2 Be2 0-1

[Event "CRO-ch U11"]
[Site "Trogir"]
[Date "2017.06.20"]
[Round "7"]
[White "Baturina, Marin"]
[Black "Mandaric, Fran"]
[Result "1/2-1/2"]
[WhiteElo "1460"]
[BlackElo "1672"]
[PlyCount "59"]
[EventDate "2017.06.17"]
[EventType "swiss"]
[EventRounds "9"]
[EventCountry "CRO"]
[SourceTitle "CBM 179 Extra"]
[Source "ChessBase"]
[SourceDate "2017.08.23"]
[SourceVersion "1"]
[SourceVersionDate "2017.08.23"]
[SourceQuality "1"]

1. d4 Nf6 2. c4 e6 3. Nc3 Bb4 4. e3 Qe7 5. Nge2 0-0 6. g3 d6 7. Bg2 e5 8. 0-0 Bxc3 9. Nxc3 a6 10. Re1 c5 11. d5 e4 12. Qc2 Bf5 13. b3 Nbd7 14. Bb2 Rfe8 15. Ne2 Ne5 16. Bxe5 Qxe5 17. Nc3 Rab8 18. a4 h6 19. Reb1 a5 20. Nb5 Bd7 21. Qb2 Qxb2 22. Rxb2 Bxb5 23. axb5 b6 24. Bh3 Nh7 25. Bf1 Ng5 26. Be2 f5 27. Kg2 Nf7 28. Bh5 Re7 29. Bxf7+ Kxf7 30. Re1 1/2-1/2